书目信息 |
| 题名: |
民族传统体育100例
|
|
| 作者: | 王蕾 , 程在宽 主编 ;北京市民族传统体育协会 , 北京体育大学 编 | |
| 分册: | ||
| 出版信息: | 北京 北京体育大学出版社 2006 |
|
| 页数: | 630页 | |
| 开本: | 24cm | |
| 丛书名: | ||
| 单 册: | ||
| 中图分类: | G852.9 | |
| 科图分类: | ||
| 主题词: | 民族形式体育--简介--中国 , 民族形式体育 | |
| 电子资源: | ||
| ISBN: | 7-81100-524-7 | |
| 000 | 00972nam0 2200265 450 | |
| 001 | 003230366 | |
| 005 | 20070808201909.04 | |
| 010 | @a7-81100-524-7@dCNY78.00 | |
| 100 | @a20060104d2006 em y0chiy0110 ea | |
| 101 | 0 | @achi |
| 102 | @aCN@b110000 | |
| 105 | @aa z 000yy | |
| 200 | 1 | @a民族传统体育100例@9min zu chuan tong ti yu 100 li@f王蕾,程在宽主编@g北京市民族传统体育协会,北京体育大学编 |
| 210 | @a北京@c北京体育大学出版社@d2006 | |
| 215 | @a630页@c图@d24cm | |
| 330 | @a本书对民族形式体育项目的竞赛组织与规则、运动技术、训练方法和注意事项进行了总结、创作和部分实践探索。 | |
| 606 | 0 | @a民族形式体育@x简介@y中国 |
| 606 | 0 | @a民族形式体育 |
| 690 | @aG852.9@v4 | |
| 701 | 0 | @a王蕾@9wang lei@c(民族体育)@4主编 |
| 701 | 0 | @a程在宽@9cheng zai kuan@4主编 |
| 712 | 02 | @a北京市民族传统体育协会@9bei jing shi min zu chuan tong ti yu xie hui@4编 |
| 712 | 02 | @a北京体育大学@9bei jing ti yu da xue@4编 |
| 801 | 0 | @aCN@bNLC@c20070808 |
| 905 | @a10447@dG852.9@e161 | |
| 民族传统体育100例/王蕾,程在宽主编/北京市民族传统体育协会,北京体育大学编.-北京:北京体育大学出版社,2006 |
| 630页:图;24cm |
| ISBN 7-81100-524-7:CNY78.00 |
| 本书对民族形式体育项目的竞赛组织与规则、运动技术、训练方法和注意事项进行了总结、创作和部分实践探索。 |
| ● |
| 相关链接 |
|
|
|
|
正题名:民族传统体育100例
索取号:G852.9/161
 
预约/预借
| 序号 | 登录号 | 条形码 | 馆藏地/架位号 | 状态 | 备注 |
| 1 | 0809672 | 208096727 | 第一样本阅览室/ [索取号:G852.9/161] | 在馆 | |
| 2 | 0809673 | 208096736 | 第四借阅区/ [索取号:G852.9/161] | 在馆 | |
| 3 | 0809674 | 208096745 | 第四借阅区/ [索取号:G852.9/161] | 在馆 | |
| 4 | 0809675 | 208096754 | 第四借阅区/ [索取号:G852.9/161] | 在馆 | |
| 5 | 0810080 | 208100801 | 密集书库-体育系/ [索取号:G852.9/161] | 在馆 |